<?xml version="1.0" encoding="UTF-8"?>
<record
    xmlns:xsi="http://www.w3.org/2001/XMLSchema-instance"
    xsi:schemaLocation="http://www.loc.gov/MARC21/slim http://www.loc.gov/standards/marcxml/schema/MARC21slim.xsd"
    xmlns="http://www.loc.gov/MARC21/slim">

  <leader>01754nam a2200325 u 4500</leader>
  <controlfield tag="001">1579356</controlfield>
  <controlfield tag="005">20240702085931.0</controlfield>
  <controlfield tag="007">cr|||||||</controlfield>
  <controlfield tag="008">221216s2020                        spa  </controlfield>
  <datafield tag="020" ind1=" " ind2=" ">
    <subfield code="a">9786075269382</subfield>
  </datafield>
  <datafield tag="035" ind1=" " ind2=" ">
    <subfield code="a">1579356</subfield>
  </datafield>
  <datafield tag="040" ind1=" " ind2=" ">
    <subfield code="c">comduadb</subfield>
  </datafield>
  <datafield tag="041" ind1=" " ind2=" ">
    <subfield code="a">spa</subfield>
  </datafield>
  <datafield tag="100" ind1="1" ind2="0">
    <subfield code="a">Tussy, Alan S.</subfield>
    <subfield code="4">aut</subfield>
    <subfield code="e">aut</subfield>
    <subfield code="9">598578</subfield>
  </datafield>
  <datafield tag="245" ind1="1" ind2="0">
    <subfield code="a">Matem&#xE1;ticas b&#xE1;sicas</subfield>
  </datafield>
  <datafield tag="250" ind1=" " ind2=" ">
    <subfield code="a">5. edici&#xF3;n</subfield>
  </datafield>
  <datafield tag="260" ind1=" " ind2=" ">
    <subfield code="a">M&#xE9;xico :</subfield>
    <subfield code="b">Cengage Learning,</subfield>
    <subfield code="c">2020.</subfield>
  </datafield>
  <datafield tag="300" ind1=" " ind2=" ">
    <subfield code="a">xi, Cerca de 920 p&#xE1;ginas</subfield>
  </datafield>
  <datafield tag="336" ind1=" " ind2=" ">
    <subfield code="a">texto</subfield>
    <subfield code="b">txt</subfield>
    <subfield code="0">(uri)http://www.rdaregistry.info/termList/RDAContentType/#1020</subfield>
    <subfield code="2">rdacontent</subfield>
  </datafield>
  <datafield tag="500" ind1=" " ind2=" ">
    <subfield code="a">CONTENIDO: Cap&#xED;tulo 1: Los n&#xFA;meros naturales y el cero: los enteros no negativos. -- Cap&#xED;tulo 2:   Los n&#xFA;meros enteros . -- Cap&#xED;tulo 3: Fracciones y n&#xFA;meros mixtos. -- Cap&#xED;tulo 4: Decimales. -- Cap&#xED;tulo 5: Raz&#xF3;n, proporci&#xF3;n y medida. -- Cap&#xED;tulo 6: Porcentaje. -- Cap&#xED;tulo 7: Gr&#xE1;ficas y estad&#xED;stica. -- Cap&#xED;tulo 8: Introducci&#xF3;n al algebra. -- Cap&#xED;tulo 9:  Introducci&#xF3;n a la geometr&#xED;a. -- Ap&#xE9;ndices. -- &#xCD;ndice de aplicaciones. -- &#xCD;ndice anal&#xED;tico. .</subfield>
  </datafield>
  <datafield tag="520" ind1="3" ind2=" ">
    <subfield code="a">RESUMEN: La quinta edici&#xF3;n de Matem&#xE1;ticas b&#xE1;sicas de Tussy y Koenig, presenta un estudio de las matem&#xE1;ticas actualizado y con varios procesos de revisi&#xF3;n que han generado una experiencia a&#xFA;n m&#xE1;s robusta para los estudiantes y maestros en esta &#xE1;rea. </subfield>
  </datafield>
  <datafield tag="650" ind1=" " ind2=" ">
    <subfield code="a">N&#xFA;meros enteros</subfield>
    <subfield code="9">69805</subfield>
  </datafield>
  <datafield tag="650" ind1=" " ind2="7">
    <subfield code="a">Fracciones</subfield>
    <subfield code="2">lemb</subfield>
    <subfield code="9">14459</subfield>
  </datafield>
  <datafield tag="650" ind1=" " ind2=" ">
    <subfield code="a">&#xC1;lgebra - Aprendizaje</subfield>
    <subfield code="9">156426</subfield>
  </datafield>
  <datafield tag="650" ind1=" " ind2="7">
    <subfield code="a">Geometr&#xED;a</subfield>
    <subfield code="2">lemb</subfield>
    <subfield code="9">40530</subfield>
  </datafield>
  <datafield tag="700" ind1="1" ind2="0">
    <subfield code="a">Koenig, Diane R.</subfield>
    <subfield code="4">aut</subfield>
    <subfield code="e">aut</subfield>
    <subfield code="9">804937</subfield>
  </datafield>
  <datafield tag="700" ind1="1" ind2="0">
    <subfield code="a">Hern&#xE1;ndez Lanto, Jorge</subfield>
    <subfield code="4">trl</subfield>
    <subfield code="e">trl</subfield>
    <subfield code="9">654120</subfield>
  </datafield>
  <datafield tag="856" ind1="4" ind2=" ">
    <subfield code="u">https://login.udea.lookproxy.com/login?url=https://www.ebooks7-24.com:443/?il=10761</subfield>
  </datafield>
  <datafield tag="942" ind1=" " ind2=" ">
    <subfield code="c">BOOK</subfield>
    <subfield code="n">0</subfield>
  </datafield>
  <datafield tag="999" ind1=" " ind2=" ">
    <subfield code="c">837262</subfield>
    <subfield code="d">837262</subfield>
  </datafield>
</record>
